Nákup bez peňazí aj Slovensko už má zákon o spotrebiteľských úveroch
Nákup na úver - jedna z foriem spotrebiteľského úveru. Od 1. októbra 2001 platí nový zákon o spotrebiteľskom úvere. Zákon pamätá aj na ochranu dlžníka.
Guardado en:
| Autor principal: | |
|---|---|
| Formato: | Capítulo de libro |
| Lenguaje: | eslovaco |
| Materias: | |
| Etiquetas: |
Sin Etiquetas, Sea el primero en etiquetar este registro!
|
MARC
| LEADER | 00000naa a2200000 4500 | ||
|---|---|---|---|
| 001 | r043443 | ||
| 005 | 20231002114136.6 | ||
| 041 | 0 | |a slo | |
| 044 | |a SK | ||
| 245 | 1 | 0 | |a Nákup bez peňazí |b aj Slovensko už má zákon o spotrebiteľských úveroch |c Anastázia Lešková |
| 520 | |a Nákup na úver - jedna z foriem spotrebiteľského úveru. Od 1. októbra 2001 platí nový zákon o spotrebiteľskom úvere. Zákon pamätá aj na ochranu dlžníka. | ||
| 610 | 2 | 0 | |a úver spotrebiteľský |
| 610 | 2 | 0 | |a spotrebitelia |
| 610 | 2 | 0 | |a nákup |
| 610 | 2 | 0 | |a predaj |
| 610 | 2 | 0 | |a úpravy právne |
| 610 | 2 | 0 | |a Slovensko |
| 100 | 1 | |a Lešková, Anastázia | |